Goethe y Schiller, su vida, sus obras y su influencia en Alemania : (Registro nro. 19883)
[ vista simple ]
| 000 -LEADER | |
|---|---|
| campo de control de longitud fija | 01146nam a2200277 i 4500 |
| 001 - NÚMERO DE CONTROL | |
| campo de control | 19883 |
| 003 - IDENTIFICADOR DE NÚMERO DE CONTROL | |
| campo de control | ES-MaACL |
| 005 - FECHA Y HORA DE LA ÚLTIMA TRANSACCIÓN | |
| campo de control | 20251011063051.0 |
| 007 - CAMPO FIJO DE DESCRIPCIÓN FÍSICA--INFORMACIÓN GENERAL | |
| campo de control de longitud fija | t| |
| 008 - DATOS DE LONGITUD FIJA--INFORMACIÓN GENERAL | |
| campo de control de longitud fija | 021023s1863 sp |||| | spa d |
| 040 ## - FUENTE DE CATALOGACIÓN | |
| Centro/agencia transcriptor | ES-MaACL |
| 100 1# - ENTRADA PRINCIPAL--NOMBRE DE PERSONA | |
| Nombre de persona | Angulo y Heredia, Antonio, |
| Fechas asociadas al nombre | 1837-1875 |
| 9 (RLIN) | 21794 |
| 245 10 - MENCIÓN DEL TÍTULO | |
| Título | Goethe y Schiller, su vida, sus obras y su influencia en Alemania : |
| Resto del título | lecciones pronunciadas en el Ateneo de Madrid / |
| Mención de responsabilidad, etc. | por Antonio Angulo y Heredia. |
| 260 ## - PUBLICACIÓN, DISTRIBUCIÓN, ETC. | |
| Lugar de publicación, distribución, etc. | Madrid : |
| Nombre del editor, distribuidor, etc. | [s.n.], |
| Fecha de publicación, distribución, etc. | 1863 |
| Fabricante | (Imp. de Manuel Galiano) |
| 300 ## - DESCRIPCIÓN FÍSICA | |
| Extensión | 420 páginas ; |
| Dimensiones | 21 cm. |
| 505 8# - NOTA DE CONTENIDO CON FORMATO | |
| Nota de contenido con formato | Contiene el texto de las 16 lecciones dadas en el Ateneo de Madrid en 1863 |
| 530 ## - NOTA DISPONIBLE DE FORMULARIO FÍSICO ADICIONAL | |
| Nota de formato físico adicional disponible | Disponible en formato digital |
| 600 14 - PUNTO DE ACCESO ADICIONAL DE MATERIA--NOMBRE DE PERSONA | |
| Nombre de persona | Goethe, Johann Wolfgang von, |
| Fechas asociadas al nombre | 1749-1832 |
| 9 (RLIN) | 57568 |
| 600 14 - PUNTO DE ACCESO ADICIONAL DE MATERIA--NOMBRE DE PERSONA | |
| Nombre de persona | Schiller, Friedrich, |
| Fechas asociadas al nombre | 1759-1805 |
| 9 (RLIN) | 104361 |
| 610 24 - PUNTO DE ACCESO ADICIONAL DE MATERIA--NOMBRE DE ENTIDAD CORPORATIVA | |
| Nombre de entidad corporativa o nombre de jurisdicción como elemento de entrada | Ateneo de Madrid- |
| Subdivisión de forma | Conferencias- |
| Subdivisión cronológica | S.XIX. |
| 9 (RLIN) | 1910 |
| 852 4# - LOCALIZACIÓN | |
| Ubicación | ES-MaACL |
| Ubicación en estantería | Sala Pecera Planta 3 |
| Número de control de estantería | G-9583 |
| 856 4# - LOCALIZACIÓN Y ACCESO ELECTRÓNICOS | |
| Identificador Uniforme de Recursos | <a href="https://patrimoniodigital.ucm.es/s/patrimonio/item/587947">https://patrimoniodigital.ucm.es/s/patrimonio/item/587947</a> |
| Texto de enlace | Versión en línea |
| Nota pública | (Patrimonio Digital Complutense) |
| 942 ## - ELEMENTOS DE ENTRADA SECUNDARIOS (KOHA) | |
| Tipo de ítem Koha | Libro impreso antiguo |
| Suprimir en OPAC | No |
| Estatus retirado | Estado de pérdida | Fuente del sistema de clasificación o colocación | Estado de daño | No para préstamo | Colección | Biblioteca de origen | Biblioteca actual | Ubicación en estantería | Fecha de adquisición | Total de préstamos | Signatura topográfica completa | Código de barras | Visto por última vez | Tipo de ítem Koha |
|---|---|---|---|---|---|---|---|---|---|---|---|---|---|---|
| Clasificación decimal universal | Fondo Ateneo de Madrid | Biblioteca del Ateneo de Madrid | Biblioteca del Ateneo de Madrid | Sala Pecera Planta 3 | 17/01/2008 | G-9583 | 1020364 | 23/02/2023 | Libro impreso antiguo |
